LDR 00757naa#a2200157#i#450# 001 EN\\bibl\20105 005 20260701164844.3 100 ## _a20260630b2026####ek#y0engy0150####ca 102 ## _aRU 200 1# _aPRACTICAL IMPLEMENTATION OF AN AUTOMATIC APPLICATION AND INVOICE PROCESSING SYSTEM USING OFFISMAG LLC: IDENTIFYING THE EFFECTIVENESS OF THE METHODS STUDIED _eConference article/thesis 210 1# _aVoronezh _cFSBE Institution of Higher Education Voronezh State University of Forestry and Technologies named after G.F. Morozov _d2026 215 ## _a6 с. 608 ## _aConference article/thesis _2local 675 ## _aПрикладные информационные (компьютерные) технологии. 004.9 _z 700 #1 _aBordyuzha _gE. O. 856 4# _abibl.vgltu.ru _u